Chelsea Players of the Year - Statistics

General Stats
  • This quiz has been taken 59 times
  • The average score is 24 of 33
Answer Stats
Year Position Nationality Player % Correct
2010 Forward Ivory Coast Didier Drogba
100%
2019 Forward Belgium Eden Hazard
98%
2017 Forward Belgium Eden Hazard
98%
2015 Forward Belgium Eden Hazard
98%
2014 Forward Belgium Eden Hazard
98%
2011 Goalkeeper Czech Republic Petr Cech
98%
2009 Midfielder England Frank Lampard
94%
2005 Midfielder England Frank Lampard
94%
2004 Midfielder England Frank Lampard
94%
2006 Defender England John Terry
92%
2001 Defender England John Terry
92%
2018 Midfielder France N'Golo Kante
92%
2023 Defender Brazil Thiago Silva
92%
2024 Midfielder England Cole Palmer
90%
2020 Midfielder Croatia Mateo Kovacic
90%
2003 Forward Italy Gianfranco Zola
83%
1999 Forward Italy Gianfranco Zola
83%
2007 Midfielder Ghana Michael Essien
83%
2022 Midfielder England Mason Mount
81%
2021 Midfielder England Mason Mount
81%
2016 Forward Brazil Willian
79%
2013 Midfielder Spain Juan Mata
75%
2012 Midfielder Spain Juan Mata
75%
2008 Midfielder England Joe Cole
54%
2002 Goalkeeper Italy Carlo Cudicini
46%
1996 Midfielder Netherlands Ruud Gullit
40%
2000 Midfielder England Dennis Wise
38%
1998 Midfielder England Dennis Wise
38%
1997 Forward Wales Mark Hughes
33%
1993 Defender Jamaica Frank Sinclair
15%
1995 Defender Norway Erland Johnsen
13%
1994 Defender Scotland Steve Clark
12%
1992 Defender England Paul Elliott
0%
No matching quizzes found
Score Distribution
Percent of People with Each Score
Percentile by Number Answered
Your Score History
You have not taken this quiz